| 000 | 00602nam a22002057a 4500 | ||
|---|---|---|---|
| 003 | OSt | ||
| 005 | 20140310181734.0 | ||
| 008 | 130319t xxu||||| |||| 00| 0 eng d | ||
| 020 | _a0851108776 | ||
| 050 |
_aBF 721 _b.C512 1994 |
||
| 082 |
_aTR 152.4 _bC34 1994 |
||
| 245 |
_aWhen the Bough Breaks... : _c Chave-Jones, Myra _bgiving your child security in an insecure world/ |
||
| 260 |
_aEngland : _bInter-Varsity Press _c1994. |
||
| 300 |
_a224 p. : _c18 cm. |
||
| 520 | _a1. Family 2. Emotions and feelings | ||
| 521 | _aFaculty | ||
| 541 | _j1 | ||
| 562 | _e1 | ||
| 942 |
_2lcc _cBK-TR _kTR |
||
| 999 |
_c2513 _d2513 |
||